Uno o cero : Digital@scale : lidere con éxito su empresa hacia el futuro digital
שמור ב:
| מחבר ראשי: | |
|---|---|
| Corporate Authors: | , |
| מחברים אחרים: | |
| פורמט: | ספר |
| שפה: | ספרדית גרמנית |
| יצא לאור: |
[Barcelona]
Gestión 2000
2017.
|
| נושאים: | |
| גישה מקוונת: | https://elibro.unach.elogim.com/es/lc/unach/titulos/291629 |
| תגים: |
הוספת תג
אין תגיות, היה/י הראשונ/ה לתייג את הרשומה!
|
MARC
| LEADER | 00000nam a2200000 i 4500 | ||
|---|---|---|---|
| 001 | ELB291629 | ||
| 003 | FlNmELB | ||
| 005 | 26260109160619.0 | ||
| 006 | m o d | | ||
| 007 | cr cnu|||||||| | ||
| 008 | 260108s2017 sp a o 000 0 spa d | ||
| 020 | |a 9788498754650 |q (ebook) | ||
| 035 | |a (OCoLC)1569876567 | ||
| 040 | |a FINmELB |b spa |e rda |c FINmELB | ||
| 041 | 1 | |a spa |h ger | |
| 050 | 4 | |a HD30.2 |b M444 2017 | |
| 080 | |a 658.11:004.738.5 | ||
| 082 | 0 | 4 | |a 658.05 |2 23 |
| 100 | 1 | |a Meffert, Jürgen |e autor | |
| 240 | 1 | 0 | |a Eins oder null |l Español |
| 245 | 1 | 0 | |a Uno o cero : |b Digital@scale : lidere con éxito su empresa hacia el futuro digital |c Jürgen Meffert, Pedro Mendoça ; [traducción, Cillero & de Motta, McKinsey & Company] |
| 264 | 1 | |a [Barcelona] |b Gestión 2000 |c 2017. | |
| 300 | |a 1 recurso en línea : |b ilustraciones | ||
| 336 | |a texto |b txt |2 rdacontent/spa | ||
| 337 | |a computadora |b c |2 rdamedia/spa | ||
| 338 | |a recurso en línea |b cr |2 rdacarrier/spa | ||
| 588 | |a Descripción basada en metadatos suministrados por el editor y otras fuentes | ||
| 590 | |a Recurso electrónico. Santa Fe, Arg.: elibro, 2026. Disponible vía World Wide Web. El acceso puede estar limitado para las bibliotecas afiliadas a elibro | ||
| 594 | |a Título original: Eins oder null | ||
| 650 | 4 | |a Empresas virtuales | |
| 655 | 4 | |a Libros electrónicos | |
| 700 | 1 | |a Mendoça, Pedro |e autor | |
| 710 | 2 | |a Cillero & de Motta |e traductor | |
| 710 | 2 | |a Mckinsey & Company |e traductor | |
| 797 | 2 | |a elibro, Corp. | |
| 856 | 4 | 0 | |u https://elibro.unach.elogim.com/es/lc/unach/titulos/291629 |